<?xml version="1.0" encoding="UTF-8"?>
<collection xmlns="http://www.loc.gov/MARC21/slim">
    <record>
        <controlfield tag="001">147282</controlfield>
        <controlfield tag="005">20170620203838.0</controlfield>
        <datafield tag="024" ind1="7" ind2=" ">
            <subfield code="2">ISSN</subfield>
            <subfield code="a">0022-2593</subfield>
        </datafield>
        <datafield tag="024" ind1="7" ind2=" ">
            <subfield code="2">ISSN</subfield>
            <subfield code="a">1468-6244</subfield>
        </datafield>
        <datafield tag="024" ind1="7" ind2=" ">
            <subfield code="2">HSB</subfield>
            <subfield code="a">f1000000222x</subfield>
        </datafield>
        <datafield tag="037" ind1=" " ind2=" ">
            <subfield code="a">RWTH-CONV-026655</subfield>
        </datafield>
        <datafield tag="041" ind1=" " ind2=" ">
            <subfield code="a">English</subfield>
        </datafield>
        <datafield tag="100" ind1="1" ind2=" ">
            <subfield code="0">P:(DE-82)041692</subfield>
            <subfield code="a">Mergenthaler, S.</subfield>
            <subfield code="b">0</subfield>
            <subfield code="e">Author</subfield>
        </datafield>
        <datafield tag="245" ind1=" " ind2=" ">
            <subfield code="a">Evidence against a major role of PAX4 in Silver-Russell syndrome</subfield>
            <subfield code="h">online, print</subfield>
        </datafield>
        <datafield tag="260" ind1=" " ind2=" ">
            <subfield code="a">London</subfield>
            <subfield code="b">BMJ Publishing Group</subfield>
            <subfield code="c">2000</subfield>
        </datafield>
        <datafield tag="336" ind1="7" ind2=" ">
            <subfield code="0">PUB:(DE-HGF)16</subfield>
            <subfield code="2">PUB:(DE-HGF)</subfield>
            <subfield code="a">Journal Article</subfield>
            <subfield code="b">journal</subfield>
            <subfield code="m">journal</subfield>
        </datafield>
        <datafield tag="336" ind1="7" ind2=" ">
            <subfield code="2">DataCite</subfield>
            <subfield code="a">Output Types/Journal article</subfield>
        </datafield>
        <datafield tag="336" ind1="7" ind2=" ">
            <subfield code="0">0</subfield>
            <subfield code="2">EndNote</subfield>
            <subfield code="a">Journal Article</subfield>
        </datafield>
        <datafield tag="336" ind1="7" ind2=" ">
            <subfield code="2">BibTeX</subfield>
            <subfield code="a">ARTICLE</subfield>
        </datafield>
        <datafield tag="336" ind1="7" ind2=" ">
            <subfield code="2">ORCID</subfield>
            <subfield code="a">JOURNAL_ARTICLE</subfield>
        </datafield>
        <datafield tag="336" ind1="7" ind2=" ">
            <subfield code="2">DRIVER</subfield>
            <subfield code="a">article</subfield>
        </datafield>
        <datafield tag="700" ind1="1" ind2=" ">
            <subfield code="0">P:(DE-82)027621</subfield>
            <subfield code="a">Eggermann, Katja</subfield>
            <subfield code="b">1</subfield>
            <subfield code="e">Author</subfield>
        </datafield>
        <datafield tag="700" ind1="1" ind2=" ">
            <subfield code="0">P:(DE-82)041694</subfield>
            <subfield code="a">Wollmann, H. A.</subfield>
            <subfield code="b">2</subfield>
            <subfield code="e">Author</subfield>
        </datafield>
        <datafield tag="700" ind1="1" ind2=" ">
            <subfield code="0">P:(DE-82)043243</subfield>
            <subfield code="a">Kaiser, P.</subfield>
            <subfield code="b">3</subfield>
            <subfield code="e">Author</subfield>
        </datafield>
        <datafield tag="700" ind1="1" ind2=" ">
            <subfield code="0">P:(DE-82)043244</subfield>
            <subfield code="a">Ranke, M. B.</subfield>
            <subfield code="b">4</subfield>
            <subfield code="e">Author</subfield>
        </datafield>
        <datafield tag="700" ind1="1" ind2=" ">
            <subfield code="0">P:(DE-82)012812</subfield>
            <subfield code="a">Eggermann, Thomas</subfield>
            <subfield code="b">5</subfield>
            <subfield code="e">Author</subfield>
        </datafield>
        <datafield tag="773" ind1=" " ind2=" ">
            <subfield code="0">PERI:(DE-600)2009590-9</subfield>
            <subfield code="p">44-44</subfield>
            <subfield code="t">Journal of medical genetics</subfield>
            <subfield code="v">37</subfield>
            <subfield code="x">0022-2593</subfield>
        </datafield>
        <datafield tag="909" ind1="C" ind2="O">
            <subfield code="o">oai:publications.rwth-aachen.de:147282</subfield>
            <subfield code="p">VDB</subfield>
        </datafield>
        <datafield tag="915" ind1="1" ind2=" ">
            <subfield code="0">StatID:(DE-HGF)0031</subfield>
            <subfield code="2">StatID</subfield>
            <subfield code="a">Peer reviewed article</subfield>
        </datafield>
        <datafield tag="920" ind1="1" ind2=" ">
            <subfield code="0">I:(DE-82)525000-2_20140620</subfield>
            <subfield code="k">525000-2</subfield>
            <subfield code="l">Lehrstuhl für Humangenetik</subfield>
            <subfield code="x">0</subfield>
        </datafield>
        <datafield tag="970" ind1=" " ind2=" ">
            <subfield code="a">f1000000222x</subfield>
        </datafield>
        <datafield tag="980" ind1=" " ind2=" ">
            <subfield code="a">journal</subfield>
        </datafield>
        <datafield tag="980" ind1=" " ind2=" ">
            <subfield code="a">I:(DE-82)525000-2_20140620</subfield>
        </datafield>
        <datafield tag="980" ind1=" " ind2=" ">
            <subfield code="a">VDB</subfield>
        </datafield>
        <datafield tag="980" ind1=" " ind2=" ">
            <subfield code="a">UNRESTRICTED</subfield>
        </datafield>
        <datafield tag="980" ind1=" " ind2=" ">
            <subfield code="a">ConvertedRecord</subfield>
        </datafield>
    </record>

    
</collection>